000 00618nam a2200193Ia 4500
003 GCL
008 140319s9999 xx 000 0 ara d
040 _aGCL /
_cGCL
082 0 4 _a133.427
_bع ت
100 1 _aعبدالرحيم عبدالواحد الشرعى
245 1 0 _aتطهير الجنان من التعلق بالشياطين والكهانة /
_cعبدالرحيم عبدالواحد الشرعى
260 _a[S.N] :
_bمكتبة التراث الاسلامى
300 _a69 ص
490 _a
650 0 4 _aالاسلام
650 0 4 _aالجن
650 0 4 _aالشياطين
942 _2ddc
_cBK
999 _c28555
_d28555